000 00306nam a2200109Ia 4500
008 180116s9999 xx 000 0 und d
020 _a9781285853918
245 _cH. Stephen Stoker
_aGeneral, Organic, and Biological Chemistry
250 _a7th ed
260 _bCengage Learning
_c2016
300 _a983 pages
999 _c353255
_d353255